|
|
|
|
| LEADER |
00677cam a2200217ua 4500 |
| 008 |
070203t2001||||||||||| 0001 ||mal c |
| 041 |
0 |
|
|a mal
|
| 082 |
|
|
|a 016.8
|b BAS
|
| 110 |
0 |
|
|a Documentation &Information Service Section
|
| 245 |
1 |
0 |
|a Basheer grandhasoochi /
|
| 250 |
|
|
|a 1
|
| 260 |
|
|
|a Thiruvananthapuram:
|b Kerala University Library,
|c 2001.
|
| 300 |
|
|
|a 132p..
|
| 362 |
1 |
|
|a 2001.
|
| 365 |
|
|
|e pb
|
| 500 |
|
|
|a Includes index.
|
| 650 |
|
|
|a Bibliography
|
| 650 |
0 |
|
|a Basheer, Vaikkom Muhammed - bibliography
|
| 942 |
|
|
|c REF
|
| 999 |
|
|
|c 13925
|d 13925
|
| 952 |
|
|
|0 0
|1 0
|4 0
|6 016_800000000000000_BA
|7 0
|9 14520
|a KUCL
|b KUCL
|d 2014-05-23
|l 0
|o 016.8 BA
|p G0180
|r 2017-03-09
|w 2014-05-23
|y REF
|